A hálózatok vizsgálata a vendéglátásban

Bibliográfiai részletek
Szerző: Kiss Kata
További közreműködők: Katona Dr Mária
Dokumentumtípus: Diplomadolgozat
Kulcsszavak:hálózatok
globalizáció
elektronikus kereskedelem
netpincér
online életközvetítés
Online Access:http://dolgozattar.uni-bge.hu/2327

MARC

LEADER 00000nta a2200000 i 4500
001 dolg2327
005 20151212120330.0
008 150510suuuu hu om 000 hun d
040 |a BGE Dolgozattár Repozitórium  |b hun 
041 |a hu 
100 1 |a Kiss Kata 
245 1 2 |a A hálózatok vizsgálata a vendéglátásban  |c Kiss Kata  |h [elektronikus dokumentum] 
695 |a hálózatok 
695 |a globalizáció 
695 |a elektronikus kereskedelem 
695 |a netpincér 
695 |a online életközvetítés  
700 1 |a  Katona Dr Mária  |e ths 
856 4 0 |u http://dolgozattar.uni-bge.hu/2327/1/KISSKATA_SZAKDOLGOZAT2015.pdf  |z Dokumentum-elérés